Australian Stereotypes - Statistics

General Stats
  • This quiz has been taken 1,458 times
    1,457 since last reset
  • The average score is 11 of 15
Answer Stats
Hint Answer % Correct
Australian children ride this native animal to school. Kangaroo
94%
This city is the capital, according to many foreigners. Sydney
92%
Australians eat this 'mitey' spread straight from the jar. Vegemite
92%
These objects that always come back are commonly thrown by all Australians. Boomerang
89%
Contraction that all Australians greet each other with. G'day
89%
Australians are often bitten by these venimous reptiles. Snakes
82%
Australians chuck these bottom-feeders on the 'barbie'. Shrimp
80%
As well as these venomous arachnids. Spiders
78%
Australians wrestle these reptiles, following in Steve's footsteps. Crocodiles
71%
Australians are desert-dwellers, living mainly in this part of the Country. Outback
67%
Australians label everyone else with this word. Mate
66%
All Australians are descended from these prisoners, sent out from Britain. Convicts
55%
Australians ditch work to participate in this beach activity. Surfing
48%
Australians drink this beer by the keg. Foster's
39%
Australians wear these hats, made of rabbit skin. Akubra
20%
No matching quizzes found
Score Distribution
Percent of People with Each Score
Percentile by Number Answered
Your Score History
You have not taken this quiz since the last reset